000 00762nam a2200277 a 4500
001 000114298
003 CHAP
005 20220329144435.0
008 171211s1976 mx |r| |||0|||spa d
010 _a110759
011 _a111731
040 _cCHAP
082 0 4 _a100.8
_bF48
245 0 3 _aLa filosofía actual en America Latina /
_cpor Arturo Ardao ...[et al.].
260 _aMéxico :
_bGrijalbo,
_c1976.
300 _a211 p.
490 1 _aTeoría y praxis
_v25
590 _aE11695DGD
_b10
_c20180111
_lUCH01
_h1042
590 _aE6096MTM
_b05
_c20171211
_lUCH01
_h1409
650 1 4 _aFilosofía latinoamericana.
_940906
700 1 _aArdao, Arturo
_9134276
830 0 _aTeoría y praxis
_v25
_9112315
901 _aBK
942 _cLIBRO
942 _n0
999 _c110759
_d110759